000 00998nam a22003137a 4500
003 CHAP
005 20220329134132.0
008 971013s r 00010 d
010 _a15954
011 _a16926
035 _a21008
040 _cCHAP
090 _aR-1478
100 0 0 _aGuerrero y Torres, Jehová.
_951278
245 _aResistencia tensional del concreto
500 _aSobretiro de : Ingeniería Hidráulica en México 22(4):482-488, 1968
590 _aBATCH-UPD
_b10
_c20130109
_lUCH01
_h2317
590 _aBATCH-UPD
_b10
_c20130110
_lUCH01
_h0158
590 _aBATCH-UPD
_b10
_c20130110
_lUCH01
_h1608
590 _aBATCH-UPD
_b10
_c20130409
_lUCH01
_h2204
590 _aBATCH-UPD
_b10
_c20130914
_lUCH01
_h0854
590 _aCONVERSION
_b10
_c20130109
_lUCH01
_h1310
650 1 4 _aConcreto.
_926302
650 1 4 _aResistencia de materiales.
_996123
700 0 _aCasales Lattuada, Vicente.
_919734
901 _aBK
942 _cREIMP
949 _aR-1478
_bBC
_cR
_d-49028
_eTS1
_i21008
_si
999 _c15954
_d15954